1119 1019 1965 1475 1403 1663 1456 1826 1072 1760 1052 1120 1975 1651 1176 1990 1739 1480 1587 1425 1517 1676 1330 1153 1605 1042 1451 1076 1028 1909 1683 1501 1907 1125 1936 1483 1638 1426 1660 1370 1492 1922 1575 1369 1726 1809 1175 1830 1291 1575 1505 1679 1215 1110 1684 1140 1894 1119 1060 1072 1768 1194 1191 1025 1979 1709 1657 1625 1493 1749 1216 1353 1951 1579 1963 1797 1532 1674 1013 1206 1298 1474 1303 1828 1835 1973 1465 1161 1800 1425 1390 1493 1212 1647 1865 1217 1767 1118 1791 BCNSPRNW ULIB Ver.6.0+V

เปลี่ยนเป็นภาษาไทย

Change to English
 แสดงรายละเอียดบรรณานุกรม
  กลับหน้าหลัก

Brief Record : Get Marc (ISO 2709) : E-mail record : QR code < ปิดหน้าต่าง
LEADER : 00000nam 2200000uu 4500
001    13399114712
003     ULIB
008    120110s2554||||th 000 0 tha d
099    วจ.WY18^bศ287ก
100 0  ศศิธร ชิดนายี
245 00 การประเมินหลักสูตรพยาบาลศาสตรบัณฑิต พ.ศ.2545/^cศศิธร ชิดนายี และ มณฑา อุดมเลิศ
260    อุตรดิตถ์ :^bวิทยาลัยพยาบาลบรมราชชนนี อุตรดิตถ์,^c2554
300    108 หน้า :^bตาราง
500    รายงานการวิจัย
650  7 หลักสูตรพยาบาลศาสตร์บัณฑิต พ.ศ.2545^xประเมิน^xวิจัย
700 0  มณฑา อุดมเลิศ
710 1  วิทยาลัยพยาบาลบรมราชชนนี อุตรดิตถ์
945    ^p0^l0^i031726
995    ทศพร
999 ^a ทศพร
รายการนี้ยังไม่มีแท็ก
คุณยังไม่ได้ล็อกอิน คุณสามารถมีกิจกรรมร่วมกับเว็บไซต์ได้ แต่ต้องล็อกอินก่อน ::
  ล็อกอิน

รายการสื่อสารสนเทศ

ลำดับที่ ประเภท เลขเรียก/บาร์โค้ด สถานที่ สถานะ
1. งานวิจัย
งานวิจัย
วจ.WY18 ศ287ก ฉ.1 
  Barcode: 031726
ห้องสมุดวิทยาเขตสวรรค์ประชารักษ์
►วิจัย
บนชั้น

รายการใกล้เคียง
    ผู้แต่ง [ศศิธร ชิดนายี]

BibComment


ยังไม่เคยถูกคอมเมนท์

คอมเมนท์ทรัพยากรรายการนี้
  คอมเมนท์: การประเมินหลักสูต..


 Copyright 2026. Bcnsprnw @Library